मनोंजन और खेल (Record no. 8122)

MARC details
000 -LEADER
fixed length control field 01113 a2200205 4500
005 - DATE AND TIME OF LATEST TRANSACTION
control field 2008092201461.0
008 - FIXED-LENGTH DATA ELEMENTS--GENERAL INFORMATION
fixed length control field 080922t xxu||||| |||| 00| 0 hin d
010 ## - LCCN (DPL NO)
LC control number HIN-81241
020 ## - INTERNATIONAL STANDARD BOOK NUMBER
International Standard Book Number 8178792575
Terms of availability 200.00
035 ## - SYSTEM CONTROL NUMBER
System control number HN-53587
037 ## - SOURCE OF ACQUISITION
Source of stock number/acquisition D.B.Act / Pub
082 ## - DEWEY DECIMAL CLASSIFICATION NUMBER
Classification number 796.14
100 ## - MAIN ENTRY--PERSONAL NAME
Personal name उषा गोपाल
245 ## - TITLE STATEMENT
Title मनोंजन और खेल
Statement of responsibility, etc उषा गोपाल
260 ## - PUBLICATION, DISTRIBUTION, ETC. (IMPRINT)
Place of publication, distribution, etc नई दिल्ली
Name of publisher, distributor, etc स्पोट्र्स पब्लिकेशन
Date of publication, distribution, etc 2006
270 ## - ADDRESS
Address जी-6,23/23बी ई एम सी ए हाऊस,अंसारी रोड,दरियागंज
City नई दिल्ली
Postal code 110002
Telephone number (ऑ)65749511,66326118 (नि)27562163(मो.)9868028838
Fax number 011-23240261
Electronic mail address lakshaythani@hotmail.com
300 ## - PHYSICAL DESCRIPTION
Extent 128पृ
Dimensions 22सेमी(सजिल्द)
942 ## - ADDED ENTRY ELEMENTS (KOHA)
Institution code [OBSOLETE] dpl
Item type Hindi Books
Call number prefix 796.14 / उषागो
Source of classification or shelving scheme Dewey Decimal Classification
Classification part 796.14
Call number suffix उषागो
Holdings
Withdrawn status Lost status Source of classification or shelving scheme Damaged status Not for loan Home library Current library Date acquired Cost, normal purchase price Total Checkouts Full call number Barcode Date last seen Copy number Cost, replacement price Koha item type
    Dewey Decimal Classification     D.B.Act.Division D.B.Act.Division 22/09/2008 200.00   796.14 उषागो HN-53587 15/09/2008 1 200.00 Hindi Books

© Delhi Public Library
Hit Counter
free hit counter